L´enfant des mages

সংরক্ষণ করুন:
গ্রন্থ-পঞ্জীর বিবরন
প্রধান লেখক: Racine, Luc
বিন্যাস: গ্রন্থ
ভাষা:Undetermined
প্রকাশিত: Quebec, Canadá Nouvelle Optique 1981
বিষয়গুলি:
ট্যাগগুলো: ট্যাগ যুক্ত করুন
কোনো ট্যাগ নেই, প্রথমজন হিসাবে ট্যাগ করুন!

MARC

LEADER 00000nam a2200000Ia 4500
008 170316s9999 xx 000 0 und d
040 |a cru BVZT 
090 |a 818 R-1e 
100 |a Racine, Luc 
245 |a L´enfant des mages 
260 |a Quebec, Canadá 
260 |b Nouvelle Optique 
260 |c 1981 
300 |a 105 páginas 
650 |a LITERATURA CANADIENSE 
999 |c 6627  |d 6627 
942 |c 15 D  |h 818 R-1e  |2 z